[Event "Rapid 2018"]
[Site "Saint-Petersburg"]
[Date "2018.12.28"]
[Round "11"]
[Board "32"]
[White "Fedoseev Vladimir (RUS)"]
[Black "Predke Alexandr (RUS)"]
[Result "1-0"]
[LiveChessVersion "1.4.8"]
[BlackElo "2566"]
[WhiteElo "2810"]

1. d4 {[%clk 0:15:19]} d5 {[%clk 0:15:12]} 2. c4 {[%clk 0:15:27]} dxc4
{[%clk 0:15:19]} 3. Nf3 {[%clk 0:15:31]} Nf6 {[%clk 0:15:26]} 4. Qa4+
{[%clk 0:15:38]} Nbd7 {[%clk 0:15:21]} 5. Nc3 {[%clk 0:15:39]} a6
{[%clk 0:14:12]} 6. e4 {[%clk 0:15:34]} e6 {[%clk 0:13:33]} 7. Bxc4
{[%clk 0:15:34]} Rb8 {[%clk 0:13:32]} 8. Qc2 {[%clk 0:15:14]} b5 {[%clk 0:13:00]}
9. Bd3 {[%clk 0:15:22]} Bb7 {[%clk 0:13:09]} 10. Bg5 {[%clk 0:13:12]} h6
{[%clk 0:12:58]} 11. Bh4 {[%clk 0:12:56]} Be7 {[%clk 0:10:36]} 12. Rd1
{[%clk 0:13:04]} O-O {[%clk 0:10:03]} 13. O-O {[%clk 0:13:11]} Rc8
{[%clk 0:10:05]} 14. Rfe1 {[%clk 0:10:29]} Re8 {[%clk 0:08:44]} 15. a3
{[%clk 0:08:14]} c5 {[%clk 0:08:43]} 16. dxc5 {[%clk 0:08:10]} Rxc5
{[%clk 0:08:35]} 17. Qe2 {[%clk 0:06:52]} Nh5 {[%clk 0:08:15]} 18. Bxe7
{[%clk 0:06:39]} Qxe7 {[%clk 0:08:20]} 19. Qe3 {[%clk 0:06:38]} Rec8
{[%clk 0:06:36]} 20. Nd4 {[%clk 0:06:16]} Qg5 {[%clk 0:06:01]} 21. Qxg5
{[%clk 0:04:55]} hxg5 {[%clk 0:06:09]} 22. Be2 {[%clk 0:05:03]} Nhf6
{[%clk 0:05:55]} 23. f3 {[%clk 0:05:11]} Kf8 {[%clk 0:04:38]} 24. h3
{[%clk 0:05:07]} Ke7 {[%clk 0:04:40]} 25. Rd2 {[%clk 0:05:04]} Ne5
{[%clk 0:04:42]} 26. Red1 {[%clk 0:04:27]} R5c7 {[%clk 0:04:45]} 27. Nb3
{[%clk 0:04:24]} Rd7 {[%clk 0:03:33]} 28. Na5 {[%clk 0:04:04]} Rxd2
{[%clk 0:03:21]} 29. Rxd2 {[%clk 0:04:13]} Bc6 {[%clk 0:03:01]} 30. Na2
{[%clk 0:03:49]} Nfd7 {[%clk 0:02:21]} 31. Nb4 {[%clk 0:03:47]} Nb8
{[%clk 0:02:30]} 32. Kf2 {[%clk 0:03:23]} Bd7 {[%clk 0:02:19]} 33. Ke3
{[%clk 0:03:27]} Nec6 {[%clk 0:02:23]} 34. Naxc6+ {[%clk 0:03:19]} Bxc6
{[%clk 0:02:31]} 35. Rc2 {[%clk 0:01:57]} f6 {[%clk 0:02:31]} 36. a4
{[%clk 0:01:57]} bxa4 {[%clk 0:01:10]} 37. Nxc6+ {[%clk 0:01:29]} Rxc6
{[%clk 0:00:54]} 38. Rxc6 {[%clk 0:01:38]} Nxc6 {[%clk 0:01:03]} 39. Bxa6
{[%clk 0:01:47]} Kd6 {[%clk 0:00:36]} 40. Bb5 {[%clk 0:01:56]} Ne5
{[%clk 0:00:15]} 41. Ke2 {[%clk 0:02:05]} Kc5 {[%clk 0:00:20]} 42. Bxa4
{[%clk 0:02:13]} Kb4 {[%clk 0:00:20]} 43. b3 {[%clk 0:02:17]} Ng6
{[%clk 0:00:28]} 44. g3 {[%clk 0:02:21]} e5 {[%clk 0:00:36]} 45. Be8
{[%clk 0:02:22]} Ne7 {[%clk 0:00:38]} 46. Bf7 {[%clk 0:02:18]} Nc6
{[%clk 0:00:47]} 47. h4 {[%clk 0:02:20]} Nd4+ {[%clk 0:00:48]} 48. Kf2
{[%clk 0:02:24]} gxh4 {[%clk 0:00:15]} 49. gxh4 {[%clk 0:02:33]} Nxb3
{[%clk 0:00:21]} 50. Bxb3 {[%clk 0:02:30]} Kxb3 {[%clk 0:00:30]} 51. Kg3
{[%clk 0:02:35]} Kc3 {[%clk 0:00:30]} 52. Kg4 {[%clk 0:02:31]} Kd3
{[%clk 0:00:38]} 53. Kf5 {[%clk 0:02:37]} Ke3 {[%clk 0:00:44]} 54. Kg6
{[%clk 0:02:46]} Kxf3 {[%clk 0:00:42]} 55. Kxg7 {[%clk 0:02:55]} Kxe4
{[%clk 0:00:47]} 56. h5 {[%clk 0:03:04]} f5 {[%clk 0:00:53]} 57. h6
{[%clk 0:03:13]} f4 {[%clk 0:01:02]} 58. h7 {[%clk 0:03:22]} f3 {[%clk 0:01:11]}
59. h8=Q {[%clk 0:03:29]} f2 {[%clk 0:01:20]} 60. Qh3 {[%clk 0:03:36]} Kf4
{[%clk 0:01:28]} 61. Qf1 {[%clk 0:03:36]} Kf3 {[%clk 0:01:34]} 62. Kf6
{[%clk 0:03:44]} e4 {[%clk 0:01:43]} 63. Ke5 {[%clk 0:03:52]} e3 {[%clk 0:01:52]}
64. Kf5 {[%clk 0:04:01]} Kg3 {[%clk 0:01:57]} 65. Qe2 {[%clk 0:03:51]} Kg2
{[%clk 0:02:04]} 66. Kg4 {[%clk 0:03:54]} Kg1 {[%clk 0:02:09]} 67. Kg3
{[%clk 0:04:03]} 1-0

[Event "Rapid 2018"]
[Site "Saint-Petersburg"]
[Date "2018.12.28"]
[Round "11"]
[Board "34"]
[White "Mamedov Rauf (AZE)"]
[Black "Kovalev Vladislav (BLR)"]
[Result "1-0"]
[LiveChessVersion "1.4.8"]
[BlackElo "2624"]
[WhiteElo "2739"]

1. Nf3 {[%clk 0:14:03]} Nf6 {[%clk 0:15:16]} 2. b3 {[%clk 0:14:12]} e6
{[%clk 0:15:03]} 3. Bb2 {[%clk 0:14:20]} d5 {[%clk 0:15:06]} 4. g3
{[%clk 0:14:06]} b6 {[%clk 0:15:07]} 5. Bg2 {[%clk 0:14:14]} Bb7 {[%clk 0:15:16]}
6. O-O {[%clk 0:14:22]} Be7 {[%clk 0:15:19]} 7. c4 {[%clk 0:14:29]} O-O
{[%clk 0:15:06]} 8. e3 {[%clk 0:14:33]} c5 {[%clk 0:15:10]} 9. Nc3
{[%clk 0:14:41]} dxc4 {[%clk 0:14:02]} 10. bxc4 {[%clk 0:14:50]} Nc6
{[%clk 0:14:11]} 11. Qe2 {[%clk 0:14:56]} Rc8 {[%clk 0:12:52]} 12. Rfd1
{[%clk 0:14:45]} Qc7 {[%clk 0:12:42]} 13. Ne1 {[%clk 0:14:46]} Rfd8
{[%clk 0:12:28]} 14. f4 {[%clk 0:14:41]} a6 {[%clk 0:12:19]} 15. g4
{[%clk 0:14:40]} Ne8 {[%clk 0:12:01]} 16. Rab1 {[%clk 0:14:07]} Nd6
{[%clk 0:11:10]} 17. Ba1 {[%clk 0:13:54]} Na5 {[%clk 0:11:08]} 18. d3
{[%clk 0:13:52]} Bc6 {[%clk 0:11:03]} 19. Qb2 {[%clk 0:13:58]} Bf6
{[%clk 0:06:09]} 20. g5 {[%clk 0:11:45]} Bxc3 {[%clk 0:05:31]} 21. Qxc3
{[%clk 0:11:54]} Ne8 {[%clk 0:05:35]} 22. Nf3 {[%clk 0:09:59]} Nb7
{[%clk 0:03:37]} 23. Qb2 {[%clk 0:08:38]} b5 {[%clk 0:03:43]} 24. cxb5
{[%clk 0:06:26]} axb5 {[%clk 0:03:49]} 25. Ne5 {[%clk 0:06:35]} Bxg2
{[%clk 0:03:48]} 26. Qxg2 {[%clk 0:06:43]} Nbd6 {[%clk 0:03:46]} 27. Rdc1
{[%clk 0:06:46]} Qb6 {[%clk 0:02:42]} 28. Ng4 {[%clk 0:05:04]} Nf5
{[%clk 0:02:22]} 29. Rd1 {[%clk 0:03:32]} c4 {[%clk 0:02:19]} 30. d4
{[%clk 0:03:29]} c3 {[%clk 0:02:06]} 31. Rdc1 {[%clk 0:03:07]} Qa5
{[%clk 0:02:01]} 32. Rb3 {[%clk 0:01:45]} b4 {[%clk 0:01:24]} 33. a3
{[%clk 0:01:29]} bxa3 {[%clk 0:00:49]} 34. Rbxc3 {[%clk 0:01:36]} Rxc3
{[%clk 0:00:55]} 35. Bxc3 {[%clk 0:01:30]} Rc8 {[%clk 0:00:12]} 36. Bxa5
{[%clk 0:01:37]} Rxc1+ {[%clk 0:00:21]} 37. Be1 {[%clk 0:01:46]} Rxe1+
{[%clk 0:00:21]} 38. Kf2 {[%clk 0:01:56]} Ra1 {[%clk 0:00:13]} 39. Qa8
{[%clk 0:02:04]} Kf8 {[%clk 0:00:15]} 40. Ne5 {[%clk 0:02:04]} a2
{[%clk 0:00:21]} 41. Qa3+ {[%clk 0:01:10]} Ned6 {[%clk 0:00:26]} 42. e4
{[%clk 0:00:51]} f6 {[%clk 0:00:11]} 43. exf5 {[%clk 0:00:56]} fxe5
{[%clk 0:00:20]} 44. Qxd6+ {[%clk 0:01:04]} Kg8 {[%clk 0:00:30]} 45. Qxe6+
{[%clk 0:00:53]} Kf8 {[%clk 0:00:38]} 46. Qd6+ {[%clk 0:01:02]} Kg8
{[%clk 0:00:43]} 47. Qd5+ {[%clk 0:01:10]} Kf8 {[%clk 0:00:49]} 48. fxe5
{[%clk 0:01:15]} Rf1+ {[%clk 0:00:53]} 49. Kxf1 {[%clk 0:01:19]} a1=Q+
{[%clk 0:01:01]} 50. Kf2 {[%clk 0:01:24]} Qb2+ {[%clk 0:01:07]} 51. Kg3
{[%clk 0:01:34]} Qc3+ {[%clk 0:00:47]} 52. Kg4 {[%clk 0:01:40]} 1-0

[Event "Rapid 2018"]
[Site "Saint-Petersburg"]
[Date "2018.12.28"]
[Round "11"]
[Board "35"]
[White "Tomashevsky Evgeny (RUS)"]
[Black "Levin Evgeny A. (RUS)"]
[Result "1/2-1/2"]
[LiveChessVersion "1.4.8"]
[BlackElo "2563"]
[WhiteElo "2737"]

1. Nf3 {[%clk 0:15:18]} Nf6 {[%clk 0:15:16]} 2. c4 {[%clk 0:15:22]} b6
{[%clk 0:15:06]} 3. g3 {[%clk 0:15:21]} c5 {[%clk 0:15:02]} 4. Bg2
{[%clk 0:15:27]} Bb7 {[%clk 0:15:11]} 5. O-O {[%clk 0:15:34]} e6 {[%clk 0:15:19]}
6. e3 {[%clk 0:15:02]} Be7 {[%clk 0:13:45]} 7. d4 {[%clk 0:14:56]} cxd4
{[%clk 0:12:40]} 8. exd4 {[%clk 0:15:04]} d5 {[%clk 0:12:44]} 9. Ne5
{[%clk 0:14:33]} O-O {[%clk 0:12:46]} 10. Nc3 {[%clk 0:14:23]} Nc6
{[%clk 0:12:22]} 11. Bf4 {[%clk 0:07:44]} Rc8 {[%clk 0:06:00]} 12. cxd5
{[%clk 0:06:51]} Nxe5 {[%clk 0:06:08]} 13. d6 {[%clk 0:05:07]} Nc6
{[%clk 0:06:17]} 14. dxe7 {[%clk 0:04:46]} Qxe7 {[%clk 0:06:25]} 15. d5
{[%clk 0:04:20]} Nxd5 {[%clk 0:05:48]} 16. Nxd5 {[%clk 0:03:58]} exd5
{[%clk 0:05:57]} 17. Qxd5 {[%clk 0:04:00]} Na5 {[%clk 0:03:04]} 18. Qe5
{[%clk 0:03:51]} Qxe5 {[%clk 0:03:02]} 19. Bxe5 {[%clk 0:04:00]} Bxg2
{[%clk 0:03:10]} 20. Kxg2 {[%clk 0:04:09]} f6 {[%clk 0:02:49]} 21. Bc3
{[%clk 0:04:16]} Nc6 {[%clk 0:02:39]} 22. Rfd1 {[%clk 0:03:08]} Rfd8
{[%clk 0:02:46]} 23. Rxd8+ {[%clk 0:03:01]} Rxd8 {[%clk 0:02:43]} 24. Rc1
{[%clk 0:03:09]} Ne7 {[%clk 0:02:36]} 25. Bb4 {[%clk 0:02:05]} Rd7
{[%clk 0:02:41]} 26. Bxe7 {[%clk 0:02:00]} Rxe7 {[%clk 0:02:50]} 27. Kf3
{[%clk 0:02:07]} Kf7 {[%clk 0:02:56]} 28. h4 {[%clk 0:02:13]} h5 {[%clk 0:02:50]}
29. Rc8 {[%clk 0:02:16]} Kg6 {[%clk 0:02:49]} 30. b4 {[%clk 0:01:41]} Kf5
{[%clk 0:02:46]} 31. b5 {[%clk 0:01:29]} Rd7 {[%clk 0:02:24]} 32. Rc3
{[%clk 0:01:08]} Rd5 {[%clk 0:02:10]} 33. Ra3 {[%clk 0:00:56]} Rxb5
{[%clk 0:02:17]} 34. Rxa7 {[%clk 0:01:05]} g6 {[%clk 0:01:50]} 35. Ra4
{[%clk 0:00:47]} 1/2-1/2

[Event "Rapid 2018"]
[Site "Saint-Petersburg"]
[Date "2018.12.28"]
[Round "11"]
[Board "36"]
[White "Moiseenko Vadim (RUS)"]
[Black "Jobava Baadur (GEO)"]
[Result "1-0"]
[LiveChessVersion "1.4.8"]
[BlackElo "2718"]
[WhiteElo "2583"]

1. e4 {[%clk 0:15:17]} c5 {[%clk 0:15:07]} 2. Nf3 {[%clk 0:15:25]} e6
{[%clk 0:15:14]} 3. c4 {[%clk 0:15:21]} Nc6 {[%clk 0:14:50]} 4. Be2
{[%clk 0:15:29]} g5 {[%clk 0:14:39]} 5. d3 {[%clk 0:15:27]} h6 {[%clk 0:14:33]}
6. h4 {[%clk 0:15:32]} g4 {[%clk 0:14:36]} 7. Nfd2 {[%clk 0:15:41]} h5
{[%clk 0:14:42]} 8. Nb3 {[%clk 0:15:31]} Bg7 {[%clk 0:14:43]} 9. Nc3
{[%clk 0:15:21]} d6 {[%clk 0:14:49]} 10. Bg5 {[%clk 0:14:51]} Nge7
{[%clk 0:14:43]} 11. Qd2 {[%clk 0:14:58]} a5 {[%clk 0:14:39]} 12. a4
{[%clk 0:14:53]} b6 {[%clk 0:14:11]} 13. f3 {[%clk 0:14:40]} gxf3
{[%clk 0:14:16]} 14. gxf3 {[%clk 0:14:46]} Ba6 {[%clk 0:13:37]} 15. Rg1
{[%clk 0:14:40]} Nd4 {[%clk 0:13:19]} 16. Nxd4 {[%clk 0:14:05]} Bxd4
{[%clk 0:13:18]} 17. Rg3 {[%clk 0:13:26]} Qc7 {[%clk 0:12:40]} 18. O-O-O
{[%clk 0:13:16]} O-O-O {[%clk 0:12:41]} 19. Rg2 {[%clk 0:11:22]} d5
{[%clk 0:09:54]} 20. cxd5 {[%clk 0:10:20]} exd5 {[%clk 0:10:02]} 21. Kb1
{[%clk 0:10:26]} f6 {[%clk 0:09:21]} 22. Bf4 {[%clk 0:10:29]} Be5
{[%clk 0:08:35]} 23. Bxe5 {[%clk 0:10:26]} fxe5 {[%clk 0:07:39]} 24. Rg7
{[%clk 0:10:19]} dxe4 {[%clk 0:05:07]} 25. Qg5 {[%clk 0:09:36]} Rhg8
{[%clk 0:00:32]} 26. Rxe7 {[%clk 0:08:32]} Rxg5 {[%clk 0:00:39]} 27. Rxc7+
{[%clk 0:08:41]} Kxc7 {[%clk 0:00:48]} 28. hxg5 {[%clk 0:08:49]} exd3
{[%clk 0:00:49]} 29. Bf1 {[%clk 0:08:54]} c4 {[%clk 0:00:45]} 30. b3
{[%clk 0:08:15]} cxb3 {[%clk 0:00:49]} 31. Kb2 {[%clk 0:08:24]} Bc4
{[%clk 0:00:56]} 32. Ne4 {[%clk 0:08:15]} Kc6 {[%clk 0:00:56]} 33. Kc3
{[%clk 0:07:12]} b5 {[%clk 0:00:31]} 34. axb5+ {[%clk 0:07:18]} Kxb5
{[%clk 0:00:38]} 35. Bxd3 {[%clk 0:07:08]} Bxd3 {[%clk 0:00:15]} 36. Rxd3
{[%clk 0:07:16]} Rf8 {[%clk 0:00:12]} 37. Kxb3 {[%clk 0:06:47]} a4+
{[%clk 0:00:19]} 38. Kc3 {[%clk 0:06:50]} h4 {[%clk 0:00:15]} 39. g6
{[%clk 0:03:54]} Rg8 {[%clk 0:00:12]} 40. Rd5+ {[%clk 0:03:51]} Kc6
{[%clk 0:00:20]} 41. Rxe5 {[%clk 0:03:53]} Rxg6 {[%clk 0:00:28]} 42. Rh5
{[%clk 0:04:01]} a3 {[%clk 0:00:30]} 43. Kb3 {[%clk 0:03:43]} Rg1
{[%clk 0:00:15]} 44. Rxh4 {[%clk 0:03:32]} Ra1 1-0

[Event "Rapid 2018"]
[Site "Saint-Petersburg"]
[Date "2018.12.28"]
[Round "11"]
[Board "37"]
[White "Postny Evgeny (ISR)"]
[Black "Dreev Aleksey (RUS)"]
[Result "1-0"]
[LiveChessVersion "1.4.8"]
[BlackElo "2671"]
[WhiteElo "2599"]

1. d4 {[%clk 0:15:17]} d5 {[%clk 0:15:19]} 2. c4 {[%clk 0:15:25]} c6
{[%clk 0:15:29]} 3. Nf3 {[%clk 0:15:33]} Nf6 {[%clk 0:15:37]} 4. Nc3
{[%clk 0:15:40]} e6 {[%clk 0:15:46]} 5. e3 {[%clk 0:15:45]} Nbd7 {[%clk 0:15:53]}
6. Qc2 {[%clk 0:15:51]} b6 {[%clk 0:16:01]} 7. b3 {[%clk 0:15:47]} Bb7
{[%clk 0:16:02]} 8. Bb2 {[%clk 0:15:47]} Bd6 {[%clk 0:16:00]} 9. Bd3
{[%clk 0:15:54]} O-O {[%clk 0:14:50]} 10. O-O {[%clk 0:16:00]} Re8
{[%clk 0:14:46]} 11. Rad1 {[%clk 0:15:01]} Rc8 {[%clk 0:14:04]} 12. Rfe1
{[%clk 0:14:39]} e5 {[%clk 0:13:36]} 13. dxe5 {[%clk 0:14:30]} Nxe5
{[%clk 0:13:44]} 14. Nxe5 {[%clk 0:14:37]} Bxe5 {[%clk 0:13:53]} 15. Bf5
{[%clk 0:14:20]} Rc7 {[%clk 0:13:43]} 16. Ne2 {[%clk 0:08:41]} Bxb2
{[%clk 0:10:27]} 17. Qxb2 {[%clk 0:08:49]} Qe7 {[%clk 0:10:19]} 18. cxd5
{[%clk 0:07:54]} Nxd5 {[%clk 0:10:28]} 19. Ng3 {[%clk 0:07:05]} Qf6
{[%clk 0:09:24]} 20. Qc2 {[%clk 0:06:50]} g6 {[%clk 0:09:19]} 21. Rxd5
{[%clk 0:06:54]} Rce7 {[%clk 0:08:02]} 22. Rd2 {[%clk 0:05:31]} gxf5
{[%clk 0:08:10]} 23. Nxf5 {[%clk 0:05:38]} Re6 {[%clk 0:08:15]} 24. Red1
{[%clk 0:05:07]} Ba8 {[%clk 0:06:32]} 25. f3 {[%clk 0:04:30]} c5 {[%clk 0:05:42]}
26. e4 {[%clk 0:04:38]} Bc6 {[%clk 0:04:59]} 27. Rd6 {[%clk 0:03:49]} h5
{[%clk 0:04:02]} 28. h4 {[%clk 0:03:43]} Kh7 {[%clk 0:04:03]} 29. Qd2
{[%clk 0:02:49]} Rg8 {[%clk 0:04:10]} 30. Rxe6 {[%clk 0:02:31]} fxe6
{[%clk 0:02:59]} 31. Qd6 {[%clk 0:02:38]} Bb5 {[%clk 0:02:33]} 32. Kh2
{[%clk 0:01:29]} Kh8 {[%clk 0:01:11]} 33. Qe7 {[%clk 0:01:03]} Qe5+
{[%clk 0:00:27]} 34. Kh3 {[%clk 0:00:55]} Qb2 {[%clk 0:00:31]} 35. Rd2
{[%clk 0:00:57]} Qa1 {[%clk 0:00:36]} 36. Kh2 {[%clk 0:00:57]} Qe5+
{[%clk 0:00:16]} 37. g3 {[%clk 0:00:45]} Qc3 {[%clk 0:00:21]} 38. Qd6
{[%clk 0:00:45]} Bf1 {[%clk 0:00:12]} 39. Qf4 {[%clk 0:00:49]} Qf6
{[%clk 0:00:19]} 40. Ne3 {[%clk 0:00:27]} Qxf4 {[%clk 0:00:26]} 41. gxf4
{[%clk 0:00:36]} Bb5 {[%clk 0:00:35]} 42. f5 {[%clk 0:00:37]} exf5
{[%clk 0:00:28]} 43. Nxf5 {[%clk 0:00:45]} a5 {[%clk 0:00:28]} 44. Rd6
{[%clk 0:00:52]} Rb8 {[%clk 0:00:33]} 45. Rh6+ Kg8 46. Rxh5 {[%clk 0:01:02]} a4
{[%clk 0:00:52]} 47. Rg5+ {[%clk 0:00:58]} Kh8 {[%clk 0:00:44]} 48. h5
{[%clk 0:00:46]} Rd8 {[%clk 0:00:43]} 49. Rg6 {[%clk 0:00:30]} Be2
{[%clk 0:00:45]} 50. Kg3 {[%clk 0:00:27]} Rd3 {[%clk 0:00:36]} 51. Nh4
{[%clk 0:00:28]} axb3 {[%clk 0:00:44]} 52. axb3 {[%clk 0:00:37]} Rxb3
{[%clk 0:00:53]} 53. h6 {[%clk 0:00:44]} Kh7 {[%clk 0:00:27]} 54. Rc6
{[%clk 0:00:38]} c4 {[%clk 0:00:26]} 55. Kg4 {[%clk 0:00:31]} c3 {[%clk 0:00:12]}
56. Nf5 {[%clk 0:00:30]} c2 {[%clk 0:00:15]} 57. Rc7+ {[%clk 0:00:25]} Kh8
{[%clk 0:00:18]} 58. Nd4 {[%clk 0:00:20]} Re3 {[%clk 0:00:11]} 59. Rxc2
{[%clk 0:00:24]} Rxe4+ {[%clk 0:00:19]} 60. Kg5 {[%clk 0:00:26]} Rxd4
{[%clk 0:00:24]} 61. Rxe2 {[%clk 0:00:33]} Rd5+ {[%clk 0:00:33]} 62. Kf6
{[%clk 0:00:39]} b5 {[%clk 0:00:17]} 63. f4 {[%clk 0:00:40]} Kh7 {[%clk 0:00:12]}
64. f5 {[%clk 0:00:44]} Rd8 {[%clk 0:00:16]} 65. Kg5 {[%clk 0:00:48]} b4
{[%clk 0:00:23]} 66. Re7+ {[%clk 0:00:56]} Kh8 {[%clk 0:00:33]} 67. Rb7
{[%clk 0:01:00]} Rd4 {[%clk 0:00:32]} 68. Rb8+ {[%clk 0:01:04]} Kh7
{[%clk 0:00:41]} 69. Rb7+ {[%clk 0:01:13]} Kg8 {[%clk 0:00:44]} 70. Kg6
{[%clk 0:01:17]} Rg4+ {[%clk 0:00:53]} 71. Kf6 {[%clk 0:01:25]} Rh4
{[%clk 0:00:42]} 72. Kg5 {[%clk 0:01:33]} Rc4 {[%clk 0:00:48]} 73. f6
{[%clk 0:01:36]} Rc8 {[%clk 0:00:14]} 74. Kg6 {[%clk 0:01:33]} 1-0

[Event "Rapid 2018"]
[Site "Saint-Petersburg"]
[Date "2018.12.28"]
[Round "11"]
[Board "38"]
[White "Demidov Mikhail (RUS)"]
[Black "Grachev Boris (RUS)"]
[Result "1-0"]
[LiveChessVersion "1.4.8"]
[BlackElo "2669"]
[WhiteElo "2595"]

1. e4 {[%clk 0:15:17]} c5 {[%clk 0:12:47]} 2. Nf3 {[%clk 0:15:25]} Nf6
{[%clk 0:12:48]} 3. e5 {[%clk 0:14:01]} Nd5 {[%clk 0:12:53]} 4. g3
{[%clk 0:14:10]} d6 {[%clk 0:12:39]} 5. Bg2 {[%clk 0:13:44]} Nc6 {[%clk 0:12:45]}
6. exd6 {[%clk 0:13:37]} Qxd6 {[%clk 0:12:50]} 7. O-O {[%clk 0:13:41]} Bg4
{[%clk 0:12:47]} 8. h3 {[%clk 0:13:30]} Bxf3 {[%clk 0:12:42]} 9. Qxf3
{[%clk 0:12:51]} e6 {[%clk 0:12:50]} 10. Na3 {[%clk 0:12:14]} Be7
{[%clk 0:12:33]} 11. d3 {[%clk 0:11:50]} O-O {[%clk 0:12:35]} 12. Nc4
{[%clk 0:11:24]} Qd7 {[%clk 0:12:23]} 13. Re1 {[%clk 0:11:10]} Bf6
{[%clk 0:12:10]} 14. c3 {[%clk 0:09:03]} Rad8 {[%clk 0:11:28]} 15. a4
{[%clk 0:07:48]} b6 {[%clk 0:08:32]} 16. h4 {[%clk 0:07:17]} h6 {[%clk 0:07:51]}
17. Qg4 {[%clk 0:06:42]} Kh8 {[%clk 0:06:17]} 18. Qh5 {[%clk 0:06:42]} Kg8
{[%clk 0:03:36]} 19. Be4 {[%clk 0:05:38]} Rfe8 {[%clk 0:03:39]} 20. a5
{[%clk 0:04:46]} b5 {[%clk 0:02:56]} 21. Ne3 {[%clk 0:04:55]} b4 {[%clk 0:01:47]}
22. Ng4 {[%clk 0:01:53]} bxc3 {[%clk 0:01:56]} 23. Bxh6 {[%clk 0:01:45]} gxh6
{[%clk 0:00:46]} 24. Bxd5 {[%clk 0:01:54]} Bg7 {[%clk 0:00:52]} 25. Bxc6
{[%clk 0:01:54]} Qxc6 {[%clk 0:01:00]} 26. Nxh6+ {[%clk 0:00:39]} Bxh6
{[%clk 0:01:09]} 27. Qxh6 {[%clk 0:00:48]} cxb2 {[%clk 0:01:18]} 28. Rab1
{[%clk 0:00:58]} Rxd3 {[%clk 0:00:47]} 29. Rxb2 {[%clk 0:00:32]} Qd5
{[%clk 0:00:54]} 30. Rbe2 {[%clk 0:00:20]} Rd1 {[%clk 0:00:43]} 31. Kh2
{[%clk 0:00:20]} Rxe1 {[%clk 0:00:45]} 32. Rxe1 {[%clk 0:00:29]} Qf5
{[%clk 0:00:33]} 33. Qd2 {[%clk 0:00:19]} c4 {[%clk 0:00:28]} 34. Qd4
{[%clk 0:00:20]} e5 {[%clk 0:00:12]} 35. Qxa7 {[%clk 0:00:24]} c3
{[%clk 0:00:18]} 36. Qe3 {[%clk 0:00:30]} c2 {[%clk 0:00:25]} 37. a6
{[%clk 0:00:37]} Rc8 {[%clk 0:00:27]} 38. a7 {[%clk 0:00:43]} Kg7
{[%clk 0:00:25]} 39. Ra1 {[%clk 0:00:43]} Ra8 {[%clk 0:00:12]} 40. Kg1
{[%clk 0:00:31]} f6 {[%clk 0:00:17]} 41. Qb6 {[%clk 0:00:30]} Qe4
{[%clk 0:00:19]} 42. Rc1 {[%clk 0:00:27]} Kg6 {[%clk 0:00:21]} 43. Qc5
{[%clk 0:00:31]} Qd3 {[%clk 0:00:20]} 44. Kh2 {[%clk 0:00:23]} Qf5
{[%clk 0:00:12]} 45. Kg2 {[%clk 0:00:16]} Rc8 {[%clk 0:00:15]} 46. Qd5
{[%clk 0:00:17]} e4 {[%clk 0:00:11]} 47. Qxf5+ {[%clk 0:00:19]} Kxf5
{[%clk 0:00:20]} 48. Rxc2 {[%clk 0:00:29]} Ra8 {[%clk 0:00:18]} 49. Rc5+
{[%clk 0:00:37]} Kg4 {[%clk 0:00:26]} 50. Rc7 {[%clk 0:00:41]} Rd8
{[%clk 0:00:25]} 51. Rb7 {[%clk 0:00:24]} Ra8 {[%clk 0:00:23]} 52. Rg7+
{[%clk 0:00:30]} Kh5 {[%clk 0:00:24]} 53. Kf1 {[%clk 0:00:33]} Rc8
{[%clk 0:00:29]} 54. Ke2 {[%clk 0:00:41]} Kh6 {[%clk 0:00:20]} 55. Rb7
{[%clk 0:00:42]} 1-0

[Event "Rapid 2018"]
[Site "Saint-Petersburg"]
[Date "2018.12.28"]
[Round "11"]
[Board "40"]
[White "Zvjaginsev Vadim (RUS)"]
[Black "Bocharov Ivan (RUS)"]
[Result "1/2-1/2"]
[LiveChessVersion "1.4.8"]
[BlackElo "2657"]
[WhiteElo "2573"]

1. c4 {[%clk 0:15:18]} e5 {[%clk 0:15:16]} 2. g3 {[%clk 0:15:11]} Nf6
{[%clk 0:15:17]} 3. Bg2 {[%clk 0:15:19]} c6 {[%clk 0:15:21]} 4. Nf3
{[%clk 0:15:10]} e4 {[%clk 0:15:23]} 5. Nd4 {[%clk 0:15:16]} Qb6 {[%clk 0:15:30]}
6. e3 {[%clk 0:14:26]} d5 {[%clk 0:15:23]} 7. cxd5 {[%clk 0:14:19]} cxd5
{[%clk 0:15:31]} 8. O-O {[%clk 0:13:57]} Nc6 {[%clk 0:15:31]} 9. d3
{[%clk 0:13:39]} Nxd4 {[%clk 0:15:11]} 10. exd4 {[%clk 0:13:45]} Qxd4
{[%clk 0:13:48]} 11. dxe4 {[%clk 0:13:23]} Qxd1 {[%clk 0:13:56]} 12. Rxd1
{[%clk 0:13:32]} dxe4 {[%clk 0:14:04]} 13. Nc3 {[%clk 0:13:08]} Bg4
{[%clk 0:13:50]} 14. Rd4 {[%clk 0:10:59]} Bc5 {[%clk 0:11:44]} 15. Rc4
{[%clk 0:11:07]} Rc8 {[%clk 0:11:00]} 16. Nxe4 {[%clk 0:11:14]} Nxe4
{[%clk 0:11:03]} 17. Rxe4+ {[%clk 0:11:19]} Be6 {[%clk 0:11:12]} 18. Bh3
{[%clk 0:11:15]} Rc6 {[%clk 0:11:10]} 19. Be3 {[%clk 0:08:01]} Bxe3
{[%clk 0:11:06]} 20. Rxe3 {[%clk 0:08:09]} 1/2-1/2